[Event "HUN-chT2 Toth 1314"]
[Site "Hungary"]
[Date "2013.11.17"]
[Round "5.8"]
[White "Egyed, Zsolt"]
[Black "Peczely, Gyorgy"]
[Result "1-0"]
[WhiteElo "2110"]
[BlackElo "1832"]
[PlyCount "119"]
[EventDate "2013.09.08"]
[EventType "team-tourn"]
[EventRounds "11"]
[EventCountry "HUN"]
[SourceTitle "EXT 2016"]
[Source "ChessBase"]
[SourceDate "2015.10.08"]
[SourceVersion "1"]
[SourceVersionDate "2015.10.08"]
[SourceQuality "1"]
[WhiteTeam "Karcag"]
[BlackTeam "Szeged Maroczy II"]
[WhiteTeamCountry "HUN"]
[BlackTeamCountry "HUN"]

1. e4 e6 2. e5 d5 3. exd6 cxd6 4. d4 d5 5. Bd3 Nc6 6. c3 Bd7 7. Bf4 Nf6 8. Nf3 Be7 9. Nbd2 a6 10. 0-0 Rc8 11. Re1 Na5 12. Ne5 b5 13. Qe2 Nc4 14. Ndf3 0-0 15. Rac1 Be8 16. Bb1 Nh5 17. Nxc4 Nxf4 18. Qc2 Ng6 19. Nce5 f6 20. Nxg6 Bxg6 21. Qe2 Bf7 22. Qd3 Bg6 23. Qe3 Bf7 24. Re2 Rc6 25. Rce1 Bd6 26. a3 Bb8 27. Nh4 Qc7 28. Qh3 g6 29. Re3 Qc8 30. Qg4 e5 31. Bf5 Qb7 32. Rh3 h5 33. Qe2 gxf5 34. Rg3+ Kh7 35. Nxf5 Rg8 36. Qe3 Rxg3 37. Qh6+ Kg8 38. hxg3 Be6 39. Qg6+ Kf8 40. Qxf6+ Qf7 41. Qh8+ Qg8 42. Qf6+ Qf7 43. Qh8+ Qg8 44. Qh6+ Ke8 45. Qxh5+ Kd7 46. dxe5 Bxf5 47. Qxf5+ Qe6 48. g4 Qxf5 49. gxf5 Rc4 50. e6+ Ke7 51. f6+ Ke8 52. g3 Bd6 53. Kg2 Re4 54. Rxe4 dxe4 55. g4 Bf4 56. b3 Be5 57. g5 Bxc3 58. Kg3 Bd4 59. Kf4 Bxf2 60. g6 1-0

[Event "Budapest Spring op 28th"]
[Site "Budapest"]
[Date "2012.04.01"]
[Round "7"]
[White "Peczely, Sebastian Zsombor"]
[Black "Peczely, Gyorgy"]
[Result "1-0"]
[WhiteElo "2063"]
[BlackElo "1878"]
[PlyCount "89"]
[EventDate "2012.03.26"]
[EventType "swiss"]
[EventRounds "9"]
[EventCountry "HUN"]
[SourceTitle "CBM 147 Extra"]
[Source "ChessBase"]
[SourceDate "2012.04.24"]
[SourceVersion "1"]
[SourceVersionDate "2012.04.24"]
[SourceQuality "1"]

1. e4 c5 2. Nf3 e6 3. d4 cxd4 4. Nxd4 Nf6 5. Nc3 d6 6. Be3 a6 7. f3 Qc7 8. Qd2 Nc6 9. 0-0-0 Be7 10. g4 Na5 11. g5 Nd7 12. h4 Ne5 13. b3 b5 14. h5 Bb7 15. h6 g6 16. Kb1 Rc8 17. Nce2 0-0 18. Bh3 Nac6 19. Nxe6 fxe6 20. Bxe6+ Nf7 21. f4 Rfe8 22. Rhf1 Bf8 23. Bb6 Qxb6 24. Bxf7+ Kxf7 25. Qd5+ Re6 26. f5 Nd8 27. fxg6+ Ke8 28. g7 Bxg7 29. hxg7 Bxd5 30. g8Q+ Kd7 31. Rxd5 Rxe4 32. Qxh7+ Re7 33. Qd3 Nb7 34. Nf4 Rce8 35. g6 Nc5 36. Qh3+ Kd8 37. Rdd1 Qc6 38. Nd5 Re5 39. Qh4+ Kc8 40. Qg4+ Kb8 41. g7 Qc8 42. Qxc8+ Rxc8 43. Rf8 Rg5 44. Ne7 Rxg7 45. Nxc8 1-0

[Event "Budapest Spring op 28th"]
[Site "Budapest"]
[Date "2012.03.28"]
[Round "3"]
[White "Peczely, Gyorgy"]
[Black "Grimm, Daniel"]
[Result "0-1"]
[WhiteElo "1878"]
[BlackElo "2067"]
[PlyCount "118"]
[EventDate "2012.03.26"]
[EventType "swiss"]
[EventRounds "9"]
[EventCountry "HUN"]
[SourceTitle "CBM 147 Extra"]
[Source "ChessBase"]
[SourceDate "2012.04.24"]
[SourceVersion "1"]
[SourceVersionDate "2012.04.24"]
[SourceQuality "1"]

1. e4 c5 2. Nf3 Nc6 3. d4 cxd4 4. Nxd4 Nf6 5. Nc3 e5 6. Ndb5 d6 7. Bg5 a6 8. Na3 b5 9. Nd5 Be7 10. Bxf6 Bxf6 11. c3 Bg5 12. Nc2 0-0 13. a4 bxa4 14. Rxa4 a5 15. Bc4 Rb8 16. b3 Kh8 17. Nce3 g6 18. Qe2 f5 19. h4 Bxe3 20. Qxe3 f4 21. Qe2 Bd7 22. Ra1 Be6 23. Ra4 Bxd5 24. exd5 f3 25. gxf3 Ne7 26. Qd1 Rf4 27. Be2 Rxa4 28. bxa4 Qc7 29. c4 Nf5 30. Bd3 Nd4 31. Rh3 Nb3 32. Rg3 Qe7 33. Rg4 Nc5 34. Bc2 Qf6 35. Kf1 Rb4 36. Kg2 e4 37. Bxe4 Rxc4 38. Qb1 Rb4 39. Qc2 Rxa4 40. Kg3 Rb4 41. Qd2 Qe5+ 42. Kh3 Nxe4 43. Rxe4 Rxe4 44. fxe4 Qxe4 45. Qxa5 Qf3+ 46. Kh2 Qxf2+ 47. Kh3 Qe3+ 48. Kh2 Qf4+ 49. Kh3 Kg7 50. Qc7+ Kh6 51. Qb7 Qf3+ 52. Kh2 Qg4 53. Qe7 Qf4+ 54. Kg2 Qd2+ 55. Kg3 Qxd5 56. Qe3+ g5 57. Kh3 Qf5+ 58. Kg2 Qg4+ 59. Kf1 Qf4+ 0-1

[Event "HUN-chT2 Toth 1011"]
[Site "Hungary"]
[Date "2010.11.21"]
[Round "6.8"]
[White "Moczo, Istvan"]
[Black "Peczely, Gyorgy"]
[Result "1-0"]
[WhiteElo "2023"]
[BlackElo "1843"]
[PlyCount "79"]
[EventDate "2010.09.12"]
[EventType "team-tourn"]
[EventRounds "11"]
[EventCountry "HUN"]
[SourceTitle "EXT 2012"]
[Source "ChessBase"]
[SourceDate "2011.11.24"]
[SourceVersion "1"]
[SourceVersionDate "2011.11.24"]
[SourceQuality "1"]
[WhiteTeam "Takisz"]
[BlackTeam "Maroczy II"]
[WhiteTeamCountry "HUN"]
[BlackTeamCountry "HUN"]

1. d4 d5 2. c4 e6 3. Nc3 Nf6 4. Bg5 c6 5. cxd5 exd5 6. e3 Bf5 7. Bd3 Bxd3 8. Qxd3 Be7 9. Nf3 Nbd7 10. 0-0 0-0 11. a3 Re8 12. b4 a6 13. Na4 b5 14. Nc5 Nxc5 15. bxc5 Nd7 16. Bf4 f6 17. Rfe1 Nf8 18. e4 Ng6 19. Bg3 Bf8 20. e5 fxe5 21. Bxe5 Nxe5 22. Nxe5 Qc7 23. Nf3 Qd7 24. Re5 Rxe5 25. Nxe5 Qc7 26. f4 Re8 27. Rf1 Be7 28. Rf3 Bf6 29. Rh3 g6 30. Rf3 Bxe5 31. fxe5 Rf8 32. Rxf8+ Kxf8 33. Qf3+ Kg8 34. Qf6 Qa5 35. h3 Qc7 36. Qe6+ Kh8 37. Qf6+ Kg8 38. e6 Qg7 39. Qd8+ Qf8 40. e7 1-0

[Event "HUN-chT2 Toth 0910"]
[Site "Hungary"]
[Date "2010.04.11"]
[Round "9.10"]
[White "Szabo, Csanad"]
[Black "Peczely, Gyorgy"]
[Result "1/2-1/2"]
[WhiteElo "1820"]
[BlackElo "1815"]
[PlyCount "68"]
[EventDate "2009.11.08"]
[EventType "team-tourn"]
[EventRounds "11"]
[EventCountry "HUN"]
[SourceTitle "EXT 2011"]
[Source "ChessBase"]
[SourceDate "2010.11.26"]
[SourceVersion "1"]
[SourceVersionDate "2010.11.26"]
[SourceQuality "1"]
[WhiteTeam "Mako II"]
[BlackTeam "Maroczy II"]
[WhiteTeamCountry "HUN"]
[BlackTeamCountry "HUN"]

1. Nf3 e6 2. g3 Nf6 3. Bg2 Be7 4. 0-0 0-0 5. d4 d5 6. c4 dxc4 7. Qc2 a6 8. a4 Bd7 9. Ne5 Bc6 10. Nxc6 Nxc6 11. e3 Na5 12. Nd2 c6 13. Nxc4 Nxc4 14. Qxc4 Qb6 15. Rb1 a5 16. Bd2 Nd5 17. e4 Nb4 18. Be3 Qa6 19. Qc3 Qd3 20. Rfd1 Qc2 21. Qxc2 Nxc2 22. Bf4 Nb4 23. d5 exd5 24. exd5 cxd5 25. Bxd5 Nxd5 26. Rxd5 Rfd8 27. Rb5 Rd7 28. Rc1 Bd8 29. Rc3 b6 30. Be3 Rb8 31. Rc6 Rdb7 32. b4 Kf8 33. Bf4 Ra8 34. Be3 Rab8 1/2-1/2

[Event "HUN-chT2 Toth 0910"]
[Site "Hungary"]
[Date "2009.12.20"]
[Round "4.10"]
[White "Peczely, Gyorgy"]
[Black "Botta, Judit"]
[Result "1/2-1/2"]
[WhiteElo "1815"]
[BlackElo "1961"]
[PlyCount "66"]
[EventDate "2009.11.08"]
[EventType "team-tourn"]
[EventRounds "11"]
[EventCountry "HUN"]
[SourceTitle "EXT 2011"]
[Source "ChessBase"]
[SourceDate "2010.11.26"]
[SourceVersion "1"]
[SourceVersionDate "2010.11.26"]
[SourceQuality "1"]
[WhiteTeam "Maroczy II"]
[BlackTeam "Takisz"]
[WhiteTeamCountry "HUN"]
[BlackTeamCountry "HUN"]

1. e4 e6 2. d4 d5 3. e5 c5 4. c3 Nc6 5. Nf3 Bd7 6. Na3 a6 7. Nc2 c4 8. Be2 Nge7 9. 0-0 Nf5 10. Ne3 Nh4 11. Re1 Nxf3+ 12. Bxf3 Ne7 13. g3 Ng6 14. Bg2 Be7 15. Qe2 Qc7 16. f4 h5 17. Rf1 0-0-0 18. f5 Nf8 19. fxe6 fxe6 20. Rf7 Ng6 21. Bxd5 exd5 22. Nxd5 Bg4 23. Qg2 Qc6 24. Nxe7+ Nxe7 25. Rxe7 Bf3 26. Qh3+ Bg4 27. Qf1 Rhf8 28. Rf7 Rxf7 29. Qxf7 Bh3 30. Qf2 Kc7 31. Bf4 Rf8 32. Qd2 Qf3 33. Qf2 Qd5 1/2-1/2

[Event "Eger Osz op"]
[Site "Eger"]
[Date "2009.10.22"]
[Round "1"]
[White "Tegzes, Laszlo"]
[Black "Peczely, Gyorgy"]
[Result "1/2-1/2"]
[WhiteElo "2160"]
[BlackElo "1815"]
[PlyCount "76"]
[EventDate "2009.10.22"]
[EventType "swiss"]
[EventRounds "7"]
[EventCountry "HUN"]
[SourceTitle "EXT 2011"]
[Source "ChessBase"]
[SourceDate "2010.11.26"]
[SourceVersion "1"]
[SourceVersionDate "2010.11.26"]
[SourceQuality "1"]

1. e4 e6 2. d4 d5 3. Nd2 dxe4 4. Nxe4 Nd7 5. Nf3 Ngf6 6. Ng3 c5 7. dxc5 Bxc5 8. Bd3 0-0 9. 0-0 Qc7 10. Qe2 b6 11. Ne4 Bb7 12. Nfg5 Nxe4 13. Bxe4 Nf6 14. Bxb7 Qxb7 15. Be3 Bxe3 16. Qxe3 h6 17. Nf3 Rad8 18. Rfe1 Rd6 19. Rad1 Rfd8 20. Rxd6 Rxd6 21. c4 Qd7 22. Ne5 Qd8 23. h3 Rd1 24. Rxd1 Qxd1+ 25. Kh2 Qd6 26. f4 Nd7 27. Nxd7 Qxd7 28. c5 bxc5 29. Qxc5 Qd2 30. Qe5 Qb4 31. a3 Qa4 32. Qe3 a6 33. b4 a5 34. Qa7 Qxa3 35. Qxa5 Qe3 36. Qc7 Qd3 37. Qe5 Qd8 38. Qc5 Qb8 1/2-1/2

[Event "Eger Tavasz op"]
[Site "Eger"]
[Date "2009.05.31"]
[Round "4"]
[White "Peczely, Gyorgy"]
[Black "Koszegi, Lajos"]
[Result "0-1"]
[WhiteElo "1814"]
[BlackElo "2048"]
[PlyCount "76"]
[EventDate "2009.05.29"]
[EventType "swiss"]
[EventRounds "7"]
[EventCountry "HUN"]
[SourceTitle "EXT 2011"]
[Source "ChessBase"]
[SourceDate "2010.11.26"]
[SourceVersion "1"]
[SourceVersionDate "2010.11.26"]
[SourceQuality "1"]

1. e4 c5 2. Nf3 d6 3. d4 cxd4 4. Nxd4 Nf6 5. Nc3 g6 6. Be3 Bg7 7. f3 Nc6 8. Nxc6 bxc6 9. Bc4 0-0 10. Qd2 Qa5 11. Bh6 Bxh6 12. Qxh6 d5 13. exd5 cxd5 14. Qg5 Bf5 15. g4 dxc4 16. gxf5 Qe5+ 17. Kf2 h6 18. Qxh6 Qxf5 19. Qd2 Rfd8 20. Qe2 Qf4 21. Rad1 Ng4+ 22. Ke1 Ne3 23. Rxd8+ Rxd8 24. Rg1 Qh4+ 25. Qf2 Nxc2+ 26. Kf1 Qxf2+ 27. Kxf2 Rd2+ 28. Kg3 Ne3 29. b3 Nf5+ 30. Kf4 cxb3 31. axb3 Rxh2 32. Rg4 Rb2 33. Nb5 Rxb3 34. Nxa7 Ra3 35. Nb5 Ra4+ 36. Ke5 Ra5 37. Rb4 Nd6 38. Kd5 Rxb5+ 0-1